000 01194 a2200217 4500
008 210817b ||||| |||| 00| 0 eng d
020 _a9781439806807 (hardcover : alk. paper)
020 _a1439806802 (hardcover : alk. paper)
050 _aTK5105.888
_b.R58 2010
100 _aRittinghouse, John W
245 _aCloud computing :
_bimplementation, management, and security /
_cJohn W. Rittinghouse, James F. Ransome
260 _bCRC Press
_c2010.
_aBoca Raton :
300 _axxxviii, 301 p. :
_bill. ;
_c25 cm
500 _aIncludes bibliographical references and index
505 _aIntroduction -- The evolution of cloud computing -- Web services delivered from the cloud -- Building cloud networks -- Virtualization practicum -- Federation, presence, identity, and privacy in the cloud -- Security in the cloud -- Common standards in cloud computing -- End -user access to cloud computing -- Mobile internet devices and the cloud -- Appendix A. Virtualization practicum (Linux) -- Appendix B. Executive scenario for cloud migration
650 _aCloud computing
650 _aWeb services
650 _aCloud computing
700 _aRansome, James F
942 _cBK
_2lcc
999 _c56816
_d56816